/صحيح تا ريخ الل سلا م و المسلمين (Record no. 2916)

MARC details
000 -LEADER
fixed length control field 01431nam a22002897a 4500
005 - DATE AND TIME OF LATEST TRANSACTION
control field 20081106150832.0
008 - FIXED-LENGTH DATA ELEMENTS--GENERAL INFORMATION
fixed length control field 081106t xxu||||| |||| 00| 0 eng d
010 ## - LCCN (DPL NO)
LC control number UR-7255-56
020 ## - INTERNATIONAL STANDARD BOOK NUMBER
International Standard Book Number 8171015891 (vol.1)
Terms of availability 600.00 (set )
020 ## - INTERNATIONAL STANDARD BOOK NUMBER
International Standard Book Number 817101591-3 (Set)
020 ## - INTERNATIONAL STANDARD BOOK NUMBER
International Standard Book Number 8171015905 (vol.2)
035 ## - SYSTEM CONTROL NUMBER
System control number U-5816-17
037 ## - SOURCE OF ACQUISITION
Source of stock number/acquisition D.B.Act / Pub
082 ## - DEWEY DECIMAL CLASSIFICATION NUMBER
Classification number 270.9
245 ## - TITLE STATEMENT
Title /صحيح تا ريخ الل سلا م و المسلمين
Statement of responsibility, etc مسعو د احمد مو لف
246 ## - VARYING FORM OF TITLE
Title proper/short title Sahi Tarikh ul Islam Wa All Muslemeen
Remainder of title byMasood Ahmad (Moolif)
260 ## - PUBLICATION, DISTRIBUTION, ETC. (IMPRINT)
Place of publication, distribution, etc نئ دھلی
Name of publisher, distributor, etc ادارہ اشا عت و دينيا ت
Date of publication, distribution, etc 2007
270 ## - ADDRESS
Address 168/2،جھا ہا ؤس،حضرت نظا مد ين
City نئ دھلی
Postal code 110013
Telephone number +91-11-26926832/33
Fax number +91-11-26322787
Electronic mail address Sales@idara.comidara@yahoo.com
300 ## - PHYSICAL DESCRIPTION
Extent 2 v.
Dimensions 24cm.( hb)
500 ## - GENERAL NOTE
General note Publisher in 2 volume
650 ## - SUBJECT ADDED ENTRY--TOPICAL TERM
Topical term or geographic name as entry element حد يث
650 ## - SUBJECT ADDED ENTRY--TOPICAL TERM
Topical term or geographic name as entry element Religion Stories
700 ## - ADDED ENTRY--PERSONAL NAME
Personal name مسعو د احمد مو لف
942 ## - ADDED ENTRY ELEMENTS (KOHA)
Institution code [OBSOLETE] dpl
Item type Urdu Bks
Call number prefix
Source of classification or shelving scheme Dewey Decimal Classification
Classification part 270.9
Call number suffix م س ع
Holdings
Withdrawn status Lost status Source of classification or shelving scheme Materials specified (bound volume or other part) Damaged status Not for loan Collection code Home library Current library Date acquired Cost, normal purchase price Total Checkouts Total Renewals Full call number Barcode Date last seen Copy number Cost, replacement price Koha item type Public note
    Dewey Decimal Classification v.1   Not For Loan Non-fiction D.B.Act.Division D.B.Act.Division 06/11/2008 600.00     270.9 م س ع U-5816 15/09/2008 1 600.00 Urdu Bks set of 2 v.
    Dewey Decimal Classification v.2   Not For Loan Non-fiction D.B.Act.Division D.B.Act.Division 06/11/2008 600.00     270.9 م س ع U-5817 15/09/2008 1 600.00 Urdu Bks set of 2 v.

© Delhi Public Library
Hit Counter
free hit counter